Russie - Statistiques

Statistiques générales
  • Ce quiz a été pris 37 fois
  • Le résultat moyen est 10 sur 35
Réponses sur la Carte
Les réponses sont colorées sur une échelle allant du rouge au vert en fonction du pourcentage des utilisateurs qui les ont devinées à leur premier essai. Vous pouvez retrouver ces pourcentages ci-dessous.
 
Statistiques - réponses
Population Ville % Correct
13,010k Moscou
100%
5,601k Saint-Petersbourg
100%
1,308k Kazan
80%
490k Kaliningrad
60%
1,226k Nijni Novgorod
60%
1,142k Rostov-sur-le-Don
60%
603k Vladivostok
60%
1,544k Iekaterinbourg
40%
617k Irkoutsk
40%
1,099k Krasnodar
40%
1,633k Novossibirsk
40%
1,125k Omsk
40%
1,173k Samara
40%
1,189k Tcheliabinsk
40%
1,028k Volgograd
40%
1,057k Voronej
40%
440k Koursk
20%
1,187k Krasnoïarsk
20%
437k Oulan-Oudé
20%
1,034k Perm
20%
475k Astrakhan
0%
630k Barnaoul
0%
328k Grozny
0%
577k Iaroslavl
0%
623k Ijevsk
0%
617k Khabarovsk
0%
468k Kirov
0%
623k Makhatchkala
0%
1,144k Oufa
0%
617k Oulianovsk
0%
901k Saratov
0%
466k Sotchi
0%
847k Tioumen
0%
684k Togliatti
0%
473k Toula
0%
Aucun quiz correspondant
Distribution des résultats
% des personnes avec chaque résultat
Percentile par nombre de réponses
Votre historique - résultats
Vous n’avez pas pris ce quiz